Practical enhanced reservoir engineering : (Record no. 11641)
[ view plain ]
| 000 -LEADER | |
|---|---|
| fixed length control field | 01510cam a2200337 a 4500 |
| 001 - CONTROL NUMBER | |
| control field | 14775836 |
| 005 - DATE AND TIME OF LATEST TRANSACTION | |
| control field | 20161024135457.0 |
| 008 - FIXED-LENGTH DATA ELEMENTS--GENERAL INFORMATION | |
| fixed length control field | 070320s2008 okua 000 0 eng |
| 010 ## - LIBRARY OF CONGRESS CONTROL NUMBER | |
| LC control number | 2007011741 |
| 020 ## - INTERNATIONAL STANDARD BOOK NUMBER | |
| International Standard Book Number | 9781593700560 (hardcover) |
| 020 ## - INTERNATIONAL STANDARD BOOK NUMBER | |
| International Standard Book Number | 1593700563 (hardcover) |
| 035 ## - SYSTEM CONTROL NUMBER | |
| System control number | (OCoLC)ocn105441235 |
| 035 ## - SYSTEM CONTROL NUMBER | |
| System control number | (OCoLC)105441235 |
| 040 ## - CATALOGING SOURCE | |
| Original cataloging agency | DLC |
| Transcribing agency | DLC |
| Modifying agency | YDX |
| -- | BAKER |
| -- | BTCTA |
| -- | YDXCP |
| -- | DLC |
| 050 00 - LIBRARY OF CONGRESS CALL NUMBER | |
| Classification number | TN870.5 |
| Item number | .S28 2008 |
| 082 00 - DEWEY DECIMAL CLASSIFICATION NUMBER | |
| Classification number | 622.3382 |
| Edition number | 22 |
| Item number | PRA |
| 100 1# - MAIN ENTRY--PERSONAL NAME | |
| 9 (RLIN) | 5370 |
| Personal name | Satter, Abdus |
| 245 10 - TITLE STATEMENT | |
| Title | Practical enhanced reservoir engineering : |
| Remainder of title | assisted with simulation software / |
| Statement of responsibility, etc | Abdus Satter, Ghulam M. Iqbal, James L. Buchwalter. |
| 260 ## - PUBLICATION, DISTRIBUTION, ETC. (IMPRINT) | |
| Place of publication, distribution, etc | Tulsa, Okla. : |
| Name of publisher, distributor, etc | PennWell Corp., |
| Date of publication, distribution, etc | c2008. |
| 300 ## - PHYSICAL DESCRIPTION | |
| Extent | xvii, 688 p. : |
| Other physical details | ill. ; |
| Dimensions | 29 cm. |
| 650 #0 - SUBJECT ADDED ENTRY--TOPICAL TERM | |
| Topical term or geographic name as entry element | Petroleum |
| General subdivision | Geology |
| -- | Data processing. |
| 9 (RLIN) | 5371 |
| 650 #0 - SUBJECT ADDED ENTRY--TOPICAL TERM | |
| Topical term or geographic name as entry element | Petroleum engineering |
| General subdivision | Data processing. |
| 9 (RLIN) | 5372 |
| 650 #0 - SUBJECT ADDED ENTRY--TOPICAL TERM | |
| Topical term or geographic name as entry element | Oil reservoir engineering |
| General subdivision | Data processing. |
| 9 (RLIN) | 5373 |
| 700 1# - ADDED ENTRY--PERSONAL NAME | |
| Personal name | Iqbal, Ghulam M. |
| 9 (RLIN) | 5374 |
| 700 1# - ADDED ENTRY--PERSONAL NAME | |
| Personal name | Buchwalter, James L. |
| 9 (RLIN) | 5375 |
| 856 41 - ELECTRONIC LOCATION AND ACCESS | |
| Materials specified | Table of contents only |
| Uniform Resource Identifier | <a href="http://www.loc.gov/catdir/toc/ecip0714/2007011741.html">http://www.loc.gov/catdir/toc/ecip0714/2007011741.html</a> |
| 856 42 - ELECTRONIC LOCATION AND ACCESS | |
| Materials specified | Contributor biographical information |
| Uniform Resource Identifier | <a href="http://www.loc.gov/catdir/enhancements/fy0810/2007011741-b.html">http://www.loc.gov/catdir/enhancements/fy0810/2007011741-b.html</a> |
| 856 42 - ELECTRONIC LOCATION AND ACCESS | |
| Materials specified | Publisher description |
| Uniform Resource Identifier | <a href="http://www.loc.gov/catdir/enhancements/fy0810/2007011741-d.html">http://www.loc.gov/catdir/enhancements/fy0810/2007011741-d.html</a> |
| 942 ## - ADDED ENTRY ELEMENTS (KOHA) | |
| Source of classification or shelving scheme | Dewey Decimal Classification |
| Item type | Book - Borrowing |
| Withdrawn status | Item status | Source of classification or shelving scheme | Damaged status | Not for loan | Vendor | Home library | Current library | Shelving location | Date acquired | Source of acquisition | Cost, normal purchase price | Serial Enumeration / chronology | Total Checkouts | Total Renewals | Full call number | Barcode | Date last seen | Date last borrowed | Koha item type |
|---|---|---|---|---|---|---|---|---|---|---|---|---|---|---|---|---|---|---|---|
| Dewey Decimal Classification | Central Library | Central Library | First floor | 27/05/2009 | 955.00 | 955 | 9 | 47 | 622.3382 PRA | 000016096 | 15/07/2025 | 11/11/2019 | Book - Borrowing |